[Event "Ch_SFO"]
[Site "?"]
[Date "2018.03.21"]
[Round "9.12"]
[White "Kolmagorov, Alexey"]
[Black "Boiarintsev, Vitaly"]
[Result "1/2-1/2"]
[BlackElo "2342"]
[WhiteElo "2175"]
[LiveChessVersion "1.4.8"]

1. d4 {[%clk 1:30:58]} g6 {[%clk 1:30:53]} 2. e4 {[%clk 1:30:39]} Bg7
{[%clk 1:31:18]} 3. Nf3 {[%clk 1:30:55]} c5 {[%clk 1:31:42]} 4. d5
{[%clk 1:31:22]} Nf6 {[%clk 1:31:10]} 5. Nc3 {[%clk 1:31:45]} O-O
{[%clk 1:31:32]} 6. e5 {[%clk 1:26:16]} Ng4 {[%clk 1:31:30]} 7. h3
{[%clk 1:23:29]} Nxe5 {[%clk 1:31:27]} 8. Ng5 {[%clk 1:23:56]} f5
{[%clk 1:24:46]} 9. h4 {[%clk 1:05:03]} h6 {[%clk 1:04:43]} 10. Nh3
{[%clk 1:03:05]} e6 {[%clk 1:04:41]} 11. Nf4 {[%clk 0:59:31]} Qe7
{[%clk 0:56:22]} 12. Be3 {[%clk 0:54:41]} Na6 {[%clk 0:48:24]} 13. Be2
{[%clk 0:46:33]} d6 {[%clk 0:45:15]} 14. Qd2 {[%clk 0:40:04]} Nc7
{[%clk 0:34:04]} 15. dxe6 {[%clk 0:34:57]} Bxe6 {[%clk 0:27:41]} 16. Nxe6
{[%clk 0:32:12]} Qxe6 {[%clk 0:27:55]} 17. O-O-O {[%clk 0:29:13]} Rad8
{[%clk 0:27:19]} 18. Bxh6 {[%clk 0:26:03]} d5 {[%clk 0:26:06]} 19. Bxg7
{[%clk 0:24:41]} Kxg7 {[%clk 0:26:28]} 20. h5 {[%clk 0:18:37]} g5
{[%clk 0:15:18]} 21. Qxg5+ {[%clk 0:18:16]} Kh8 {[%clk 0:11:35]} 22. Rhe1
{[%clk 0:09:17]} Qd6 {[%clk 0:04:04]} 23. Nb5 {[%clk 0:04:56]} Nxb5
{[%clk 0:04:24]} 24. Bxb5 {[%clk 0:05:22]} c4 {[%clk 0:04:35]} 25. f4
{[%clk 0:05:02]} Nf7 {[%clk 0:03:56]} 26. Qe7 {[%clk 0:01:50]} a6
{[%clk 0:03:50]} 27. Bxc4 {[%clk 0:00:39]} Qxe7 {[%clk 0:03:53]} 28. Rxe7
{[%clk 0:01:07]} dxc4 {[%clk 0:04:14]} 29. Rxb7 {[%clk 0:01:01]} Rxd1+
{[%clk 0:00:39]} 30. Kxd1 {[%clk 0:01:28]} Kg8 {[%clk 0:00:55]} 31. Rb6
{[%clk 0:01:28]} Rd8+ {[%clk 0:01:18]} 32. Ke2 {[%clk 0:01:37]} Nd6
{[%clk 0:01:30]} 33. Rxa6 {[%clk 0:01:16]} Ne4 {[%clk 0:01:50]} 34. Ke3
{[%clk 0:01:01]} Rd2 {[%clk 0:01:57]} 35. g4 {[%clk 0:01:02]} Rxc2
{[%clk 0:02:16]} 36. gxf5 {[%clk 0:01:28]} Nc5 {[%clk 0:01:34]} 37. Ra5
{[%clk 0:00:38]} Nd7 {[%clk 0:01:15]} 38. Ra8+ {[%clk 0:00:37]} Kf7
{[%clk 0:01:41]} 39. Ra7 {[%clk 0:01:01]} Ke8 {[%clk 0:01:47]} 40. Rc7
{[%clk 0:00:41]} Nf6 {[%clk 0:01:40]} 41. Kd4 {[%clk 0:00:45]} Nxh5
{[%clk 0:01:17]} 42. Rxc4 {[%clk 0:00:58]} Rxb2 {[%clk 0:01:40]} 43. a4
{[%clk 0:01:08]} Ke7 {[%clk 0:01:53]} 44. Ke5 {[%clk 0:01:10]} Re2+
{[%clk 0:01:55]} 45. Re4 {[%clk 0:01:11]} Rd2 {[%clk 0:02:13]} 46. Rc4
{[%clk 0:01:10]} Nf6 {[%clk 0:02:21]} 47. Rc7+ {[%clk 0:01:09]} Nd7+
{[%clk 0:02:41]} 48. Ke4 {[%clk 0:01:34]} Kd6 {[%clk 0:02:50]} 49. Rc4
{[%clk 0:01:35]} Ra2 {[%clk 0:03:03]} 50. Kf3 {[%clk 0:01:12]} Kd5
{[%clk 0:03:02]} 51. Rc3 {[%clk 0:01:04]} Nf6 {[%clk 0:02:46]} 52. Rd3+
{[%clk 0:00:56]} Kc4 {[%clk 0:02:55]} 53. Re3 {[%clk 0:00:58]} Rxa4
{[%clk 0:02:45]} 54. Re6 {[%clk 0:00:50]} Ra3+ {[%clk 0:03:07]} 55. Re3
{[%clk 0:01:15]} Ra8 {[%clk 0:03:02]} 56. Re6 {[%clk 0:01:21]} Rf8
{[%clk 0:03:08]} 57. Rc6+ {[%clk 0:00:50]} Kd5 {[%clk 0:03:29]} 58. Ra6
{[%clk 0:01:09]} Nd7 {[%clk 0:03:07]} 59. Kg4 {[%clk 0:01:16]} Nc5
{[%clk 0:03:03]} 60. Rg6 {[%clk 0:01:13]} Ne4 {[%clk 0:03:14]} 61. Ra6
{[%clk 0:01:18]} Rg8+ {[%clk 0:03:09]} 62. Rg6 {[%clk 0:01:27]} Rb8
{[%clk 0:03:19]} 63. Ra6 {[%clk 0:01:22]} Rg8+ {[%clk 0:02:24]} 64. Rg6
{[%clk 0:01:44]} Ra8 {[%clk 0:02:45]} 65. Rb6 {[%clk 0:01:32]} Nd6
{[%clk 0:02:20]} 66. Rb1 {[%clk 0:01:06]} Rg8+ {[%clk 0:02:36]} 67. Kf3
{[%clk 0:01:17]} Nxf5 {[%clk 0:02:49]} 68. Rb5+ {[%clk 0:01:40]} Ke6
{[%clk 0:03:11]} 69. Rb6+ {[%clk 0:01:50]} Nd6 {[%clk 0:03:22]} 70. Ra6
{[%clk 0:01:51]} Rg1 {[%clk 0:03:36]} 71. Kf2 {[%clk 0:01:42]} Rd1
{[%clk 0:03:45]} 72. Ke3 {[%clk 0:01:23]} Kd5 {[%clk 0:03:46]} 73. Ra5+
{[%clk 0:01:16]} Kc4 {[%clk 0:03:56]} 74. Kf3 {[%clk 0:00:56]} Kd4
{[%clk 0:03:41]} 75. Ra7 {[%clk 0:00:41]} Rg1 {[%clk 0:03:49]} 76. Rd7
{[%clk 0:00:51]} Kd5 {[%clk 0:04:07]} 77. Ra7 {[%clk 0:00:59]} Nb5
{[%clk 0:04:16]} 78. Rd7+ {[%clk 0:01:10]} Ke6 {[%clk 0:04:29]} 79. Rd2
{[%clk 0:01:13]} Nd6 {[%clk 0:04:25]} 80. Re2+ {[%clk 0:01:15]} Kf6
{[%clk 0:04:29]} 81. Rc2 {[%clk 0:01:18]} Rd1 {[%clk 0:04:47]} 82. Re2
{[%clk 0:01:05]} Nf5 {[%clk 0:05:03]} 83. Re5 {[%clk 0:00:56]} Rd3+
{[%clk 0:05:07]} 84. Ke2 {[%clk 0:01:04]} Ra3 {[%clk 0:05:18]} 85. Kf2
{[%clk 0:01:23]} Nd4 {[%clk 0:05:32]} 86. Re4 {[%clk 0:01:21]} Rd3
{[%clk 0:05:42]} 87. Re8 {[%clk 0:01:08]} Kf5 {[%clk 0:05:35]} 88. Rf8+
{[%clk 0:01:17]} Ke4 {[%clk 0:05:30]} 89. Rh8 {[%clk 0:00:32]} Rd2+
{[%clk 0:05:46]} 90. Kf1 {[%clk 0:00:36]} Ke3 {[%clk 0:05:58]} 91. Re8+
{[%clk 0:00:38]} Kf3 {[%clk 0:06:09]} 92. Ke1 {[%clk 0:00:45]} Rd3
{[%clk 0:06:34]} 93. Rc8 {[%clk 0:00:44]} Nf5 {[%clk 0:06:45]} 94. Rc2
{[%clk 0:00:38]} Ne3 {[%clk 0:06:00]} 95. Rd2 {[%clk 0:00:38]} Ra3
{[%clk 0:06:01]} 96. Rf2+ {[%clk 0:01:04]} Kg3 {[%clk 0:06:10]} 97. Rb2
{[%clk 0:00:41]} Kf3 {[%clk 0:06:04]} 98. Rf2+ {[%clk 0:01:01]} Ke4
{[%clk 0:06:28]} 99. Rb2 {[%clk 0:01:14]} Nc4 {[%clk 0:04:04]} 100. Re2+
{[%clk 0:00:42]} Kf3 {[%clk 0:04:13]} 101. Rf2+ {[%clk 0:00:55]} Kg3
{[%clk 0:04:38]} 102. Rc2 {[%clk 0:01:06]} Ne3 {[%clk 0:04:54]} 103. Rb2
{[%clk 0:01:23]} Kf3 {[%clk 0:01:25]} 104. Rf2+ {[%clk 0:01:40]} Ke4
{[%clk 0:01:49]} 105. Rb2 {[%clk 0:01:52]} Ra4 {[%clk 0:01:42]} 106. Ke2
{[%clk 0:01:29]} Nc4 {[%clk 0:01:55]} 107. Rc2 {[%clk 0:01:43]} Kd4
{[%clk 0:02:19]} 108. Kf2 {[%clk 0:01:26]} Ra3 {[%clk 0:02:37]} 109. Re2
{[%clk 0:01:21]} Ra7 {[%clk 0:02:39]} 110. Kf3 {[%clk 0:00:50]} Rh7
{[%clk 0:02:46]} 111. Kg4 {[%clk 0:00:50]} Ne3+ {[%clk 0:02:46]} 112. Kg3
{[%clk 0:00:36]} Ke4 {[%clk 0:03:09]} 113. Ra2 {[%clk 0:00:33]} Rg7+
{[%clk 0:02:18]} 114. Kh2 {[%clk 0:00:34]} Kf3 {[%clk 0:02:29]} 115. Ra3
{[%clk 0:00:38]} Rg2+ {[%clk 0:02:01]} 116. Kh3 {[%clk 0:00:42]} Re2
{[%clk 0:01:19]} 117. Ra4 {[%clk 0:00:35]} Nf5 {[%clk 0:00:52]} 118. Rb4
{[%clk 0:00:40]} Re8 {[%clk 0:00:57]} 1/2-1/2

[Event "Ch_SFO"]
[Site "?"]
[Date "2018.03.21"]
[Round "9.13"]
[White "Kuznetsov, Andrei S"]
[Black "Kalabukhov, Bogdan"]
[Result "1-0"]
[BlackElo "2326"]
[WhiteElo "2259"]
[LiveChessVersion "1.4.8"]

1. e4 {[%clk 1:14:52]} c5 {[%clk 1:30:57]} 2. Nf3 {[%clk 1:15:16]} d6
{[%clk 1:31:24]} 3. d4 {[%clk 1:14:44]} cxd4 {[%clk 1:31:49]} 4. Qxd4
{[%clk 1:15:07]} Nc6 {[%clk 1:32:16]} 5. Bb5 {[%clk 1:15:30]} a6 {[%clk 1:32:44]}
6. Bxc6+ {[%clk 1:14:52]} bxc6 {[%clk 1:33:11]} 7. c4 {[%clk 1:15:11]} e5
{[%clk 1:33:38]} 8. Qd3 {[%clk 1:15:01]} Be7 {[%clk 1:33:56]} 9. Nc3
{[%clk 1:14:27]} Qc7 {[%clk 1:34:19]} 10. O-O {[%clk 1:14:31]} Nf6
{[%clk 1:34:42]} 11. b3 {[%clk 1:09:26]} O-O {[%clk 1:34:58]} 12. Ba3
{[%clk 0:50:57]} Be6 {[%clk 1:22:49]} 13. Rac1 {[%clk 0:50:23]} Rfd8
{[%clk 1:18:20]} 14. Rfd1 {[%clk 0:44:21]} Qb7 {[%clk 1:08:38]} 15. Qe2
{[%clk 0:38:33]} c5 {[%clk 1:01:07]} 16. Rc2 {[%clk 0:36:01]} Nh5
{[%clk 0:54:58]} 17. Bc1 {[%clk 0:35:09]} g6 {[%clk 0:50:26]} 18. Ng5
{[%clk 0:30:19]} Bxg5 {[%clk 0:44:50]} 19. Bxg5 {[%clk 0:30:38]} f6
{[%clk 0:45:18]} 20. Be3 {[%clk 0:22:32]} Qe7 {[%clk 0:43:12]} 21. Rcd2
{[%clk 0:22:23]} Rd7 {[%clk 0:39:50]} 22. Nd5 {[%clk 0:17:38]} Bxd5
{[%clk 0:40:08]} 23. Rxd5 {[%clk 0:18:03]} Nf4 {[%clk 0:27:44]} 24. Bxf4
{[%clk 0:18:27]} exf4 {[%clk 0:28:12]} 25. Qd2 {[%clk 0:12:35]} f3
{[%clk 0:28:03]} 26. gxf3 {[%clk 0:12:39]} Rad8 {[%clk 0:28:28]} 27. Kg2
{[%clk 0:08:49]} Qe6 {[%clk 0:26:05]} 28. h4 {[%clk 0:08:56]} h6 {[%clk 0:23:59]}
29. Qxh6 {[%clk 0:07:27]} Rh7 {[%clk 0:22:51]} 30. Qf4 {[%clk 0:07:32]} g5
{[%clk 0:22:57]} 31. Qf5 {[%clk 0:05:10]} Qe7 {[%clk 0:17:22]} 32. h5
{[%clk 0:02:26]} Rh6 {[%clk 0:13:30]} 33. e5 {[%clk 0:01:14]} fxe5
{[%clk 0:13:17]} 34. Qxe5 {[%clk 0:01:41]} Kf7 {[%clk 0:05:59]} 35. Qxe7+
{[%clk 0:01:35]} Kxe7 {[%clk 0:06:27]} 36. Rxg5 {[%clk 0:01:57]} a5
{[%clk 0:06:09]} 37. f4 {[%clk 0:01:51]} a4 {[%clk 0:06:33]} 38. Kg3
{[%clk 0:01:32]} axb3 {[%clk 0:05:53]} 39. axb3 {[%clk 0:02:01]} Rb8
{[%clk 0:06:18]} 40. Rd3 {[%clk 0:02:18]} Ra8 {[%clk 0:06:36]} 41. Kg4
{[%clk 0:01:18]} Ra1 {[%clk 0:07:00]} 42. Rg6 {[%clk 0:01:17]} Rh8
{[%clk 0:07:24]} 43. Rdxd6 {[%clk 0:01:05]} Rg1+ {[%clk 0:07:37]} 44. Kf3
{[%clk 0:01:06]} Rb1 {[%clk 0:07:54]} 45. Rb6 {[%clk 0:01:10]} Rxh5
{[%clk 0:08:20]} 46. Rb7+ {[%clk 0:01:14]} Kf8 {[%clk 0:08:48]} 47. Rc6
{[%clk 0:01:13]} Rxb3+ {[%clk 0:09:13]} 48. Rxb3 {[%clk 0:01:34]} Rh3+
{[%clk 0:09:39]} 49. Ke4 {[%clk 0:01:50]} Rxb3 {[%clk 0:10:05]} 50. Rxc5
{[%clk 0:02:14]} Ke7 {[%clk 0:10:22]} 51. f5 {[%clk 0:02:04]} Rb1
{[%clk 0:10:42]} 52. Re5+ {[%clk 0:01:48]} Kf6 {[%clk 0:10:37]} 53. Re6+
{[%clk 0:02:08]} Kf7 {[%clk 0:10:47]} 54. c5 {[%clk 0:01:52]} Rb2
{[%clk 0:10:36]} 55. f4 {[%clk 0:01:18]} Rb4+ {[%clk 0:11:01]} 56. Ke5
{[%clk 0:01:33]} Rb1 {[%clk 0:10:45]} 57. c6 {[%clk 0:01:29]} Rc1
{[%clk 0:10:27]} 58. Kd6 {[%clk 0:01:16]} Rd1+ {[%clk 0:10:51]} 59. Kc7
{[%clk 0:01:27]} Rc1 {[%clk 0:11:16]} 60. Kd7 {[%clk 0:01:41]} 1-0

[Event "Ch_SFO"]
[Site "?"]
[Date "2018.03.21"]
[Round "9.14"]
[White "Ponomarev, Grigori"]
[Black "Maleev, Pavel"]
[Result "0-1"]
[BlackElo "2303"]
[WhiteElo "2120"]
[LiveChessVersion "1.4.8"]

1. e4 {[%clk 1:28:02]} g6 {[%clk 1:27:41]} 2. d4 {[%clk 1:28:26]} Bg7
{[%clk 1:28:08]} 3. Nc3 {[%clk 1:28:51]} d6 {[%clk 1:28:33]} 4. Be3
{[%clk 1:28:49]} Nd7 {[%clk 1:28:50]} 5. Qd2 {[%clk 1:28:50]} c6 {[%clk 1:29:16]}
6. O-O-O {[%clk 1:28:04]} b5 {[%clk 1:29:40]} 7. e5 {[%clk 1:20:49]} d5
{[%clk 1:24:55]} 8. e6 {[%clk 1:18:51]} fxe6 {[%clk 1:25:21]} 9. Nf3
{[%clk 1:18:46]} e5 {[%clk 1:13:22]} 10. Ng5 {[%clk 1:08:56]} Nb6
{[%clk 1:06:53]} 11. dxe5 {[%clk 1:07:54]} Bxe5 {[%clk 1:04:31]} 12. Bc5
{[%clk 0:34:42]} Bd6 {[%clk 0:54:24]} 13. Bxb5 {[%clk 0:29:22]} cxb5
{[%clk 0:45:34]} 14. Bxb6 {[%clk 0:29:45]} axb6 {[%clk 0:42:52]} 15. Nxd5
{[%clk 0:28:45]} Bf5 {[%clk 0:40:44]} 16. Kb1 {[%clk 0:20:55]} Rc8
{[%clk 0:40:25]} 17. Ne3 {[%clk 0:19:54]} Bd7 {[%clk 0:22:04]} 18. Nd5
{[%clk 0:15:48]} Bf5 {[%clk 0:13:48]} 19. Ne3 {[%clk 0:16:07]} h6
{[%clk 0:04:43]} 20. Nxf5 {[%clk 0:14:29]} hxg5 {[%clk 0:04:46]} 21. Qxg5
{[%clk 0:11:01]} gxf5 {[%clk 0:04:47]} 22. Qg7 {[%clk 0:11:27]} Rh6
{[%clk 0:02:01]} 23. Qxg8+ {[%clk 0:10:40]} Kd7 {[%clk 0:02:23]} 24. Qb3
{[%clk 0:10:05]} Rc5 {[%clk 0:02:45]} 25. Rd5 {[%clk 0:09:12]} Qc8
{[%clk 0:02:19]} 26. Qf3 {[%clk 0:05:30]} Rxd5 {[%clk 0:02:19]} 27. Qxd5
{[%clk 0:05:53]} Qc5 {[%clk 0:02:32]} 28. Qb7+ {[%clk 0:06:08]} Ke8
{[%clk 0:02:51]} 29. Qa8+ {[%clk 0:06:13]} Kf7 {[%clk 0:03:16]} 30. Qf3
{[%clk 0:06:37]} Qe5 {[%clk 0:02:35]} 31. a3 {[%clk 0:06:19]} Qe4
{[%clk 0:01:50]} 32. Qb3+ {[%clk 0:06:04]} Qc4 {[%clk 0:01:52]} 33. Qf3
{[%clk 0:06:29]} Kf6 {[%clk 0:02:10]} 34. g3 {[%clk 0:04:20]} Qe4
{[%clk 0:02:04]} 35. Qd1 {[%clk 0:04:49]} Qg2 {[%clk 0:01:18]} 36. f4
{[%clk 0:03:38]} Kf7 {[%clk 0:01:06]} 37. Rg1 {[%clk 0:02:08]} Qxh2
{[%clk 0:01:03]} 38. g4 {[%clk 0:02:33]} Qxf4 {[%clk 0:01:08]} 39. gxf5
{[%clk 0:02:15]} Qe4 {[%clk 0:01:17]} 40. Re1 {[%clk 0:02:07]} Qc4
{[%clk 0:01:38]} 41. Rg1 {[%clk 0:01:09]} Rh2 {[%clk 0:01:46]} 42. Rh1
{[%clk 0:00:46]} Re2 {[%clk 0:01:31]} 43. Re1 {[%clk 0:00:34]} Rxe1
{[%clk 0:01:30]} 44. Qxe1 {[%clk 0:01:04]} Qd5 {[%clk 0:01:41]} 45. Qf2
{[%clk 0:01:17]} Bc5 {[%clk 0:01:39]} 46. Qf1 {[%clk 0:00:41]} Bd4
{[%clk 0:00:59]} 47. Qh3 {[%clk 0:00:38]} Ke8 {[%clk 0:00:42]} 48. Qh5+
{[%clk 0:00:41]} Kd7 {[%clk 0:01:07]} 49. Qg4 {[%clk 0:01:00]} Bf6
{[%clk 0:01:22]} 50. Qh5 {[%clk 0:00:34]} Qd4 {[%clk 0:01:29]} 51. c3
{[%clk 0:00:59]} Qd3+ {[%clk 0:01:42]} 52. Ka1 {[%clk 0:01:00]} Kd6
{[%clk 0:01:40]} 53. Qh2+ {[%clk 0:01:02]} Kd5 {[%clk 0:01:58]} 54. Qg2+
{[%clk 0:00:38]} Ke5 {[%clk 0:02:22]} 55. Qh2+ {[%clk 0:01:04]} Ke4
{[%clk 0:02:09]} 56. Qh5 {[%clk 0:00:41]} Qf1+ 57. Ka2 Qf3 {[%clk 0:02:22]} 58.
Qe8 {[%clk 0:00:58]} Qxf5 {[%clk 0:02:44]} 59. Kb1 {[%clk 0:01:20]} Kf3+
{[%clk 0:02:32]} 60. Ka1 {[%clk 0:01:44]} Qd5 {[%clk 0:02:20]} 61. Qg6
{[%clk 0:01:47]} Bg5 {[%clk 0:01:57]} 62. Qh7 {[%clk 0:00:35]} Kg3
{[%clk 0:01:51]} 63. Qg6 {[%clk 0:00:54]} Kg4 {[%clk 0:02:02]} 64. Qxb6
{[%clk 0:00:55]} e5 {[%clk 0:02:16]} 65. Qg1+ {[%clk 0:01:18]} Kf5
{[%clk 0:02:36]} 66. Qf1+ {[%clk 0:01:43]} Kg6 {[%clk 0:02:53]} 67. a4 bxa4 68.
Qa6+ {[%clk 0:01:31]} Bf6 {[%clk 0:03:09]} 69. Qxa4 {[%clk 0:01:46]} e4
{[%clk 0:03:31]} 70. Qe8+ {[%clk 0:01:28]} Kg5 {[%clk 0:03:53]} 71. Qb8
{[%clk 0:00:53]} Be5 {[%clk 0:03:59]} 72. Qf8 {[%clk 0:00:34]} e3
{[%clk 0:03:59]} 73. Qf1 {[%clk 0:00:33]} Bf4 {[%clk 0:04:14]} 74. Qg1+
{[%clk 0:00:45]} Kf5 {[%clk 0:04:32]} 75. Qf1 {[%clk 0:01:01]} Qe4
{[%clk 0:03:36]} 76. Qe2 {[%clk 0:01:07]} Qh1+ {[%clk 0:02:46]} 77. Ka2
{[%clk 0:01:35]} Qh2 {[%clk 0:03:05]} 78. Qd3+ {[%clk 0:01:26]} Kg4
{[%clk 0:03:14]} 79. Qe4 {[%clk 0:01:07]} Kg3 {[%clk 0:02:48]} 80. c4
{[%clk 0:00:59]} e2 {[%clk 0:02:41]} 81. c5 {[%clk 0:00:37]} Kf2 {[%clk 0:02:54]}
82. Qc2 {[%clk 0:00:44]} Kf1 {[%clk 0:01:41]} 83. Qc4 {[%clk 0:00:58]} Kg1
{[%clk 0:01:40]} 84. Qe6 {[%clk 0:00:00]} 0-1

[Event "Ch_SFO"]
[Site "?"]
[Date "2018.03.21"]
[Round "9.15"]
[White "Ergeshov, Timur"]
[Black "Khubukshanov, Erdem"]
[Result "1-0"]
[BlackElo "2046"]
[WhiteElo "2276"]
[LiveChessVersion "1.4.8"]

1. d4 {[%clk 1:24:54]} d5 {[%clk 1:30:51]} 2. c4 {[%clk 1:25:20]} e6
{[%clk 1:31:14]} 3. Nc3 {[%clk 1:25:34]} c6 {[%clk 1:31:38]} 4. cxd5
{[%clk 1:26:01]} exd5 {[%clk 1:31:53]} 5. Bf4 {[%clk 1:26:23]} Bf5
{[%clk 1:30:43]} 6. e3 {[%clk 1:26:49]} Nf6 {[%clk 1:30:39]} 7. Nge2
{[%clk 1:26:15]} Qb6 {[%clk 1:28:21]} 8. Qd2 {[%clk 1:26:30]} Nbd7
{[%clk 1:24:42]} 9. Ng3 {[%clk 1:26:12]} Bg6 {[%clk 1:24:58]} 10. h4
{[%clk 1:26:02]} h6 {[%clk 1:24:53]} 11. h5 {[%clk 1:26:01]} Bh7 {[%clk 1:25:15]}
12. Bd3 {[%clk 1:26:08]} Bxd3 {[%clk 1:25:12]} 13. Qxd3 {[%clk 1:26:34]} Qxb2
{[%clk 1:25:30]} 14. O-O {[%clk 1:26:18]} Bb4 {[%clk 1:25:46]} 15. Nce2
{[%clk 1:23:42]} Qa3 {[%clk 1:26:02]} 16. Qc2 {[%clk 1:21:52]} O-O
{[%clk 1:20:32]} 17. Rfb1 {[%clk 1:22:01]} Nb6 {[%clk 1:15:16]} 18. Rb3
{[%clk 1:21:18]} Qa4 {[%clk 1:14:20]} 19. Rab1 {[%clk 1:16:53]} Be7
{[%clk 1:14:28]} 20. Nf5 {[%clk 1:17:02]} Rfe8 {[%clk 1:14:29]} 21. Nc3
{[%clk 1:10:59]} Qc4 {[%clk 1:09:46]} 22. Nxe7+ {[%clk 1:10:34]} Rxe7
{[%clk 1:10:09]} 23. Rb4 {[%clk 1:09:25]} Qa6 {[%clk 1:09:56]} 24. Na4
{[%clk 1:06:15]} Ng4 {[%clk 0:50:02]} 25. Bd6 {[%clk 1:00:31]} Ree8
{[%clk 0:47:55]} 26. Nc5 {[%clk 1:00:28]} Qa5 {[%clk 0:47:44]} 27. Qe2
{[%clk 0:58:54]} Nc4 {[%clk 0:43:14]} 28. Nxb7 {[%clk 0:58:35]} Qa3
{[%clk 0:38:40]} 29. Rxc4 {[%clk 0:57:29]} Qa6 {[%clk 0:38:17]} 30. Rc2
{[%clk 0:57:40]} 1-0

[Event "Ch_SFO"]
[Site "?"]
[Date "2018.03.21"]
[Round "9.16"]
[White "Vlassov, Nikolai"]
[Black "Babakekhyan, Artem"]
[Result "1-0"]
[BlackElo "1892"]
[WhiteElo "2457"]
[LiveChessVersion "1.4.8"]

1. d4 {[%clk 1:30:57]} Nf6 {[%clk 1:28:13]} 2. Bf4 {[%clk 1:31:23]} Nh5
{[%clk 1:26:09]} 3. Bg5 {[%clk 1:30:47]} h6 {[%clk 1:26:31]} 4. Bh4
{[%clk 1:31:11]} g5 {[%clk 1:26:56]} 5. e3 {[%clk 1:31:17]} Nf6 {[%clk 1:26:39]}
6. Bg3 {[%clk 1:31:42]} d6 {[%clk 1:26:26]} 7. Bd3 {[%clk 1:31:14]} Nc6
{[%clk 1:23:02]} 8. c3 {[%clk 1:29:52]} e5 {[%clk 1:20:40]} 9. Nd2
{[%clk 1:30:06]} Be6 {[%clk 1:18:01]} 10. h4 {[%clk 1:28:21]} g4 {[%clk 1:17:44]}
11. h5 {[%clk 1:28:26]} Qd7 {[%clk 1:16:30]} 12. Ne2 {[%clk 1:28:03]} Bg7
{[%clk 1:13:50]} 13. a3 {[%clk 1:23:49]} Ng8 {[%clk 1:11:40]} 14. Qc2
{[%clk 1:19:08]} Nge7 {[%clk 1:06:42]} 15. b4 {[%clk 1:17:40]} a6
{[%clk 1:06:56]} 16. b5 {[%clk 1:15:20]} axb5 {[%clk 1:05:45]} 17. Bxb5
{[%clk 1:15:47]} f5 {[%clk 1:04:13]} 18. a4 {[%clk 1:14:10]} O-O {[%clk 1:03:11]}
19. Nb3 {[%clk 1:11:02]} Qc8 {[%clk 0:55:46]} 20. Rd1 {[%clk 1:08:23]} Na7
{[%clk 0:54:34]} 21. dxe5 {[%clk 1:08:07]} Nxb5 {[%clk 0:54:45]} 22. axb5
{[%clk 1:08:17]} dxe5 {[%clk 0:54:58]} 23. c4 {[%clk 1:05:04]} b6
{[%clk 0:51:15]} 24. Bh4 {[%clk 1:03:06]} Kf7 {[%clk 0:48:56]} 25. O-O
{[%clk 1:01:58]} Ra4 {[%clk 0:44:45]} 26. Nd2 {[%clk 1:01:46]} Qa8
{[%clk 0:45:13]} 27. Nc3 {[%clk 1:01:46]} Ra7 {[%clk 0:39:26]} 28. f3
{[%clk 1:00:51]} gxf3 {[%clk 0:39:05]} 29. Rxf3 {[%clk 1:01:07]} Ke8
{[%clk 0:38:09]} 30. Bxe7 {[%clk 0:57:33]} Kxe7 {[%clk 0:38:18]} 31. e4
{[%clk 0:56:01]} fxe4 {[%clk 0:36:05]} 32. Rg3 {[%clk 0:50:38]} Bf6
{[%clk 0:34:52]} 33. Ndxe4 {[%clk 0:50:07]} Ra1 {[%clk 0:34:05]} 34. Nd5+
{[%clk 0:46:09]} Bxd5 {[%clk 0:32:47]} 35. cxd5 {[%clk 0:46:36]} Rxd1+
{[%clk 0:32:19]} 36. Qxd1 {[%clk 0:47:04]} Qd8 {[%clk 0:31:34]} 37. Rc3
{[%clk 0:40:32]} Ke8 {[%clk 0:28:23]} 38. d6 {[%clk 0:31:31]} cxd6
{[%clk 0:24:30]} 39. Nxd6+ {[%clk 0:31:42]} Ke7 {[%clk 0:24:13]} 40. Nf5+
{[%clk 0:32:00]} Ke6 {[%clk 0:20:46]} 41. Qg4 {[%clk 0:30:54]} Rg8
{[%clk 0:15:58]} 42. Rc6+ {[%clk 0:31:09]} Kd7 {[%clk 0:15:48]} 43. Rd6+
{[%clk 0:30:01]} Kc7 {[%clk 0:16:14]} 44. Qc4+ {[%clk 0:30:23]} Kb7
{[%clk 0:16:39]} 45. Rxd8 {[%clk 0:30:18]} 1-0

[Event "Ch_SFO"]
[Site "?"]
[Date "2018.03.21"]
[Round "9.17"]
[White "Sosnovskiy, Ivan"]
[Black "Nevostrujev, Vladimir"]
[Result "0-1"]
[BlackElo "2419"]
[WhiteElo "2061"]
[LiveChessVersion "1.4.8"]

1. d4 {[%clk 1:28:15]} Nf6 {[%clk 1:22:07]} 2. Nf3 {[%clk 1:28:43]} d5
{[%clk 1:21:57]} 3. c4 {[%clk 1:28:57]} c6 {[%clk 1:22:06]} 4. Nc3
{[%clk 1:29:18]} e6 {[%clk 1:20:56]} 5. g3 {[%clk 1:29:28]} dxc4 {[%clk 1:20:46]}
6. Bg2 {[%clk 1:25:20]} b5 {[%clk 1:17:42]} 7. a4 {[%clk 1:16:55]} b4
{[%clk 1:00:25]} 8. Nb1 {[%clk 1:16:14]} Nbd7 {[%clk 0:56:59]} 9. a5
{[%clk 1:12:59]} Ba6 {[%clk 0:54:05]} 10. O-O {[%clk 1:08:33]} Rc8
{[%clk 0:52:12]} 11. Re1 {[%clk 0:56:47]} c5 {[%clk 0:23:34]} 12. Bg5
{[%clk 0:37:39]} Be7 {[%clk 0:21:27]} 13. e4 {[%clk 0:32:11]} cxd4
{[%clk 0:19:28]} 14. e5 {[%clk 0:27:50]} Nd5 {[%clk 0:18:51]} 15. Bxe7
{[%clk 0:27:09]} Nxe7 {[%clk 0:18:54]} 16. Qxd4 {[%clk 0:23:43]} Nc6
{[%clk 0:18:32]} 17. Qg4 {[%clk 0:19:01]} O-O {[%clk 0:18:17]} 18. Ng5
{[%clk 0:17:22]} Ndxe5 {[%clk 0:17:37]} 19. Qh5 {[%clk 0:13:26]} h6
{[%clk 0:18:00]} 20. Ne4 {[%clk 0:12:41]} Qe7 {[%clk 0:16:29]} 21. Nbd2
{[%clk 0:12:18]} f5 {[%clk 0:15:51]} 0-1